New directions for land management schemes in Scotland's national parks (Record no. 109588)

MARC details
000 -LEADER
fixed length control field 01242cad a22002535a 4500
001 - CONTROL NUMBER
control field E147503
008 - FIXED-LENGTH DATA ELEMENTS--GENERAL INFORMATION
fixed length control field 090519s2003 xxk f s000 0 eng d
020 ## - INTERNATIONAL STANDARD BOOK NUMBER
International Standard Book Number 0755935225
022 1# - INTERNATIONAL STANDARD SERIAL NUMBER
International Standard Serial Number 0950-2254
035 ## - SYSTEM CONTROL NUMBER
System control number (Sirsi) u147503
041 0# - LANGUAGE CODE
Language code of text/sound track or separate title eng
050 04 - LIBRARY OF CONGRESS CALL NUMBER
Classification number 711.558 $2 18
110 2# - MAIN ENTRY--CORPORATE NAME
Corporate name or jurisdiction name as entry element Land Use Consultants
9 (RLIN) 3228
245 00 - TITLE STATEMENT
Title New directions for land management schemes in Scotland's national parks
Remainder of title final report
Medium [electronic resource]
260 ## - PUBLICATION, DISTRIBUTION, ETC.
Place of publication, distribution, etc. Edinburgh
Name of publisher, distributor, etc. Scottish Executive
Date of publication, distribution, etc. 2003
520 ## - SUMMARY, ETC.
Summary, etc. Examines ways in which support can be provided in a more sustainable and innovative way in the Loch Lomond and Trossachs and Cairngorm National Parks. Concludes that there is a need to develop projects which are locally specific and integrated, within an overall strategic framework for each area.
521 ## - TARGET AUDIENCE NOTE
Target audience note Advanced
651 #4 - SUBJECT ADDED ENTRY--GEOGRAPHIC NAME
Geographic name Scotland
Chronological subdivision 1999-
690 ## - LOCAL SUBJECT ADDED ENTRY--TOPICAL TERM (OCLC, RLIN)
Topical term or geographic name as entry element ENVIRONMENTAL AND LAND CONSULTANCY-ENVIRONMENTAL MANAGEMENT-ENVIRONMENTAL CONSERVATION-LANDSCAPE CONSERVATION
710 1# - ADDED ENTRY--CORPORATE NAME
Corporate name or jurisdiction name as entry element Small Town and Rural Development Group
710 1# - ADDED ENTRY--CORPORATE NAME
Corporate name or jurisdiction name as entry element Scottish Agricultural College
9 (RLIN) 3388
856 40 - ELECTRONIC LOCATION AND ACCESS
Uniform Resource Identifier <a href="https://www.scotland.gov.uk/Publications/2003/02/16537/18981">https://www.scotland.gov.uk/Publications/2003/02/16537/18981</a>
Public note View the report free of charge at www.scotland.gov.uk...
942 ## - ADDED ENTRY ELEMENTS (KOHA)
Suppress in OPAC 0
Holdings
Withdrawn status Lost status Source of classification or shelving scheme Damaged status Not for loan Home library Current library Shelving location Date acquired Total Checkouts Full call number Barcode Date last seen Copy number Price effective from Koha item type
    Dewey Decimal Classification     Virtual Virtual Online 19/05/2009   ONLINE PUBLICATION 147503-2001 06/08/2019 1 06/08/2019 Book